| 000 | 00373nam a2200145 i 4500 | ||
|---|---|---|---|
| 001 | 38073 | ||
| 003 | ES-MaACL | ||
| 007 | t| | ||
| 008 | 030224s1825 xxk ||||1| eng d | ||
| 100 | 1 |
_aCabell, James Branch. _933167 |
|
| 245 | 1 | 0 |
_aBeyond life / _cJames Branch Cabell. |
| 260 |
_aLondon : _bJohn Lane, _c1825. |
||
| 300 |
_a312 p. ; _c19 cm. |
||
| 852 |
_aES-MaACL _jB-6295 |
||
| 999 |
_c38073 _d38073 |
||